| 000 | 00416nam a22001337a 4500 | ||
|---|---|---|---|
| 008 | 170411b xxu||||| |||| 00| 0 eng d | ||
| 020 | _a9781121936089 | ||
| 050 |
_aHF1017 _b.J34 2014 |
||
| 245 |
_aSelected chapters from Business statistics: Communicating with Numbers _cby Sanjiv Jaggia and Alison Kelly |
||
| 260 |
_aUSA _bMcGrawHill _c2014 |
||
| 300 |
_aiv,422 _c29cm |
||
| 500 | _aincludes index | ||
| 942 |
_2lcc _cBK |
||
| 999 |
_c49950 _d49950 |
||